000 00632nam a2200193 a 4500
001 000021722
005 20200930011426.0
008 100910s1986 dr a 000 0 spa d
040 _aDO-SdBNP
_bspa
_cBNPHU
082 _axxx
_bM938a
100 1 _aMoya Cordero, Héctor,
_d1942-
_945162
245 1 0 _aApuntes para la historia de Sánchez /
_cHéctor Moya Cordero.
260 _aSanto Domingo :
_bAlfa y Omega,
_c1986.
300 _a106 p. :
_bil. ;
_c21 cm.
500 _aIncluye datos biográficos del autor en la contracubierta
500 _aIncluye notas al pie de páginas
504 _aBibliografías : p. 101
049 _aBNPD
999 _c21221
_d21221